| 000 | 00633nam a2200217Ia 4500 | ||
|---|---|---|---|
| 005 | 20250508163704.0 | ||
| 008 | 008 250505s9999 xx 000 0 eng d | ||
| 020 | _a0-415-91537-6 | ||
| 037 | _aReference | ||
| 040 |
_aFEDL _beng _cFEDL |
||
| 041 |
_aeng _2eng |
||
| 084 |
_a305.42, MEY _qFEDL |
||
| 100 |
_aMeyers Diana Tietjens Ed. _9142521 |
||
| 245 | 0 | _aFeminist social thought: A reader | |
| 260 |
_aLondon, UK _bRoutledge _c1997 |
||
| 300 | _ax,772p. | ||
| 365 |
_aGBP _b19.99 |
||
| 650 |
_aFeminist theory; Women - social conditions _9776000 |
||
| 942 |
_cREF _h305.42, MEY |
||
| 999 |
_c1384718 _d1384718 |
||